| 000 | 01043nas a22003251i 4500 | ||
|---|---|---|---|
| 001 | bslw10096154 | ||
| 005 | 20240305165659.0 | ||
| 006 | m o d | ||
| 007 | cr un ---uuuua | ||
| 008 | 231016c20219999ve fr j ob 000 0 spa d | ||
| 022 | _a2739-0063 | ||
| 035 | _a40526 | ||
| 040 |
_aUtOrBLW _beng _erda _cUtOrBLW |
||
| 050 | 4 |
_aHM1206 _b.R48 |
|
| 082 | 0 | 4 |
_a302.23 _223 |
| 245 | 0 | 0 | _aRevista invecom. |
| 264 | 1 |
_a[Maracaibo, Venezuela] : _b[Asociación Investigadores Venezolanos de la Comunicación], _c[2021-] |
|
| 300 | _a1 online resource (volumes ) | ||
| 310 | _aSemiannual | ||
| 336 |
_atext _btxt _2rdacontent |
||
| 337 |
_acomputer _bc _2rdamedia |
||
| 338 |
_aonline resource _bcr _2rdacarrier |
||
| 362 | 0 | _aBegan with: 2021? | |
| 588 | _aLatest issue consulted: Vol. 3, #2, 2023, (viewed October 16, 2023). | ||
| 504 | _aIncludes bibliographical references. | ||
| 650 | 0 |
_aCommunication _vPeriodicals. |
|
| 650 | 0 |
_aMass media _vPeriodicals. |
|
| 856 | 4 | 0 | _uhttps://app.vlex.com/#/sources/40526 |
| 942 | _cRAA | ||
| 999 |
_c173298 _d173298 |
||